[Event "DEM U14 2012"]
[Site "Oberhof GER"]
[Date "2012.06.01"]
[Round "8"]
[White "Stein, Daniel"]
[Black "Hirschmann, Jakob"]
[Result "1/2-1/2"]
[Termination "normal"]
[Board "11"]
[WhiteElo "1645"]
[BlackElo "1876"]
[PlyCount "75"]
[WhiteFideId "12939307"]
[BlackFideId "24652067"]
[EventCountry "GER"]
[EventRounds "9"]
[EventType "swiss"]
[EventDate "2012.05.26"]

1. a3 e5 2. c4 Ne7 3. e3 g6 4. b4 Bg7 5. d4 exd4 6. exd4 d5 7. Bb2 O-O 8. c5
Re8 9. Be2 Nf5 10. Nf3 b6 11. O-O bxc5 12. bxc5 Nd7 13. Qc2 c6 14. Re1 Rb8 15.
Bc3 Nf8 16. Nbd2 Ne6 17. Nb3 Nf4 18. Bf1 Ne7 19. Na5 Qc7 20. Ne5 Bxe5 21. Rxe5
Bf5 22. Qd2 Nh5 23. Rae1 Be6 24. Bd3 Nf6 25. Qg5 Kg7 26. R5e2 Nf5 27. Bxf5 Bxf5
28. Rxe8 Rxe8 29. Rxe8 Nxe8 30. Qg3 Qxg3 31. hxg3 Bd7 32. Bd2 Nc7 33. a4 Kf6
34. f3 Ne6 35. Be3 h5 36. Nb7 Bc8 37. Na5 Bd7 38. Nb7 1/2-1/2

[Event "DEM U14 2012"]
[Site "Oberhof GER"]
[Date "2012.06.01"]
[Round "8"]
[White "Müller, Constantin"]
[Black "Berkov, Mikhail"]
[Result "1-0"]
[Termination "normal"]
[Board "12"]
[WhiteElo "1921"]
[BlackElo "1815"]
[PlyCount "117"]
[WhiteFideId "24697630"]
[BlackFideId "24678783"]
[EventCountry "GER"]
[EventRounds "9"]
[EventType "swiss"]
[EventDate "2012.05.26"]

1. d4 Nf6 2. c4 g6 3. Nf3 Bg7 4. Nc3 d5 5. e3 c6 6. Qb3 O-O 7. Bd2 a5 8. Rc1
dxc4 9. Bxc4 b5 10. Be2 Be6 11. Qc2 Qb6 12. O-O Na6 13. b3 Nb4 14. Qb1 Nbd5 15.
Ne5 Rfc8 16. Nxd5 Bxd5 17. Bd3 c5 18. dxc5 Rxc5 19. Bc3 Rxc3 20. Rxc3 Ng4 21.
Nxg4 Bxc3 22. Rc1 b4 23. Be4 Rd8 24. h3 Be6 25. Nh2 Rd2 26. Rc2 f5 27. Rxd2
Bxd2 28. Qd3 Bc3 29. Bd5 Kg7 30. Bxe6 Qxe6 31. Nf3 a4 32. Qc2 axb3 33. Qxb3
Qxb3 34. axb3 e5 35. e4 f4 36. Kf1 Kf6 37. Ke2 g5 38. g4 fxg3 39. fxg3 h5 40.
g4 hxg4 41. hxg4 Kg6 42. Kd3 Kf6 43. Kc4 Kg6 44. Kd5 Kf6 45. Kd6 Bb2 46. Ne1
Bc3 47. Nd3 Bd2 48. Kc5 Ke6 49. Nxb4 Be3+ 50. Kc6 Bd2 51. Nd5 Be1 52. b4 Bf2
53. b5 Ba7 54. b6 Bb8 55. b7 Kf7 56. Nb6 Ke7 57. Nd7 Bd6 58. b8=Q Bxb8 59. Nxb8
1-0

[Event "DEM U14 2012"]
[Site "Oberhof GER"]
[Date "2012.06.01"]
[Round "8"]
[White "Müller, Max"]
[Black "Geldner, Gerrit"]
[Result "0-1"]
[Termination "normal"]
[Board "13"]
[WhiteElo "1648"]
[BlackElo "1708"]
[PlyCount "94"]
[WhiteFideId "12900486"]
[BlackFideId "24678929"]
[EventCountry "GER"]
[EventRounds "9"]
[EventType "swiss"]
[EventDate "2012.05.26"]

1. Nf3 d6 2. g3 e5 3. d3 f5 4. c4 Nf6 5. Nc3 Be7 6. Bg2 O-O 7. O-O c5 8. Bg5
Nc6 9. Bxf6 Bxf6 10. Rb1 Bd7 11. Nd5 Rb8 12. b4 cxb4 13. Nxb4 Nxb4 14. Rxb4 Bc6
15. Qb1 Qe8 16. e4 Qh5 17. Nd2 f4 18. Bf3 Qg6 19. Qd1 Bd7 20. Bg2 Bg5 21. Rb2
h5 22. Bf3 fxg3 23. hxg3 h4 24. g4 Bf4 25. Be2 Qg5 26. f3 Be3+ 27. Kg2 Qf4 28.
Qe1 Kf7 29. Kh3 g5 30. Rh1 Rfc8 31. Nf1 Bd4 32. Rb1 b5 33. Qb4 Ke7 34. Qd2 bxc4
35. Qxf4 exf4 36. Nd2 cxd3 37. Bxd3 Be6 38. Rxb8 Rxb8 39. Rb1 Rxb1 40. Bxb1 Be3
41. Nb3 Kd7 42. Bd3 Kc7 43. Kg2 Kb6 44. Bc2 a5 45. a4 Bd7 46. Na1 Kc5 47. Nb3+
Kb4 0-1

[Event "DEM U14 2012"]
[Site "Oberhof GER"]
[Date "2012.06.01"]
[Round "8"]
[White "Tesch, Davy"]
[Black "Mager, Denis"]
[Result "0-1"]
[Termination "normal"]
[Board "14"]
[WhiteElo "1692"]
[BlackElo "1944"]
[PlyCount "102"]
[WhiteFideId "24679917"]
[BlackFideId "24691127"]
[EventCountry "GER"]
[EventRounds "9"]
[EventType "swiss"]
[EventDate "2012.05.26"]

1. d4 e6 2. Nf3 d5 3. e3 f5 4. c4 c6 5. Bd3 Nf6 6. Nc3 Nbd7 7. O-O Bd6 8. Nd2
O-O 9. f4 Ne4 10. Qe1 Rf6 11. Nf3 Rh6 12. c5 Bc7 13. Bxe4 dxe4 14. Ne5 Bxe5 15.
fxe5 b6 16. b4 bxc5 17. bxc5 Ba6 18. Rf2 Qh4 19. g3 Qh3 20. Rb1 Nf8 21. Ne2 g5
22. Qa5 Bxe2 23. Rxe2 Qh5 24. Qa6 Rd8 25. Rf2 Qd1+ 26. Rf1 Qh5 27. Rf2 Ng6 28.
Rbb2 Qh3 29. Rf1 Ne7 30. Qxa7 Kf8 31. Qa6 Rg6 32. Qe2 Nd5 33. Qg2 Qxg2+ 34.
Rxg2 h5 35. Rb2 Rg7 36. Bd2 Ra7 37. Rfb1 Ra3 38. Kf2 f4 39. gxf4 gxf4 40. Re1
f3 41. Reb1 Kg7 42. Ra1 Rda8 43. Bc1 Kh6 44. Rd2 Rg8 45. Bxa3 Rg2+ 46. Ke1 Rg1+
47. Kf2 Rxa1 48. Rc2 Rh1 49. Kg3 Kg6 50. Bc1 Rg1+ 51. Kh3 Nb4 0-1

[Event "DEM U14 2012"]
[Site "Oberhof GER"]
[Date "2012.06.02"]
[Round "9"]
[White "Schröder, Jan-Christian"]
[Black "Sabirov, Ramil"]
[Result "1-0"]
[Termination "normal"]
[Board "1"]
[WhiteElo "2306"]
[BlackElo "1784"]
[PlyCount "75"]
[WhiteFideId "24662259"]
[BlackFideId "12900303"]
[EventCountry "GER"]
[EventRounds "9"]
[EventType "swiss"]
[EventDate "2012.05.26"]

1. e4 c5 2. Nf3 Nc6 3. d4 cxd4 4. Nxd4 Qb6 5. Nb3 Nf6 6. Nc3 e6 7. Bd3 Be7 8.
O-O a6 9. Kh1 O-O 10. f4 d6 11. Qe2 Qc7 12. Bd2 Rd8 13. Rae1 Nd7 14. a3 Bf6 15.
g4 g6 16. f5 Bg7 17. Qf2 Nce5 18. Qh4 Re8 19. f6 Qd8 20. Bg5 h6 21. Bxh6 Bxh6
22. g5 Nxf6 23. gxf6 Kh7 24. Nd4 Rh8 25. Nf5 exf5 26. exf5 g5 27. Qh5 Kg8 28.
Nd5 Bd7 29. Ne7+ Kf8 30. Be4 Bc6 31. Bxc6 bxc6 32. Ng6+ fxg6 33. fxg6 Qe8 34.
g7+ Bxg7 35. fxg7+ Kxg7 36. Qxg5+ Qg6 37. Qe7+ Nf7 38. Rxf7+ 1-0

[Event "DEM U14 2012"]
[Site "Oberhof GER"]
[Date "2012.06.02"]
[Round "9"]
[White "Grigorian, Spartak"]
[Black "Bach, Jannik"]
[Result "1-0"]
[Termination "normal"]
[Board "2"]
[WhiteElo "2078"]
[BlackElo "1826"]
[PlyCount "111"]
[WhiteFideId "24661490"]
[BlackFideId "24615900"]
[EventCountry "GER"]
[EventRounds "9"]
[EventType "swiss"]
[EventDate "2012.05.26"]

1. e4 c6 2. d4 d5 3. Nd2 dxe4 4. Nxe4 Bf5 5. Ng3 Bg6 6. N1e2 e6 7. Nf4 Bd6 8.
c3 Qh4 9. Qf3 Nf6 10. Bc4 Nd5 11. Nh3 h6 12. O-O O-O 13. Re1 Nd7 14. Bd3 Bxd3
15. Qxd3 N7f6 16. Ne4 Bc7 17. Qf3 Ng4 18. Ng3 Ngf6 19. Bd2 a5 20. Re2 Rfd8 21.
Rae1 Rac8 22. Kh1 g5 23. Qd3 c5 24. Ng1 Nf4 25. Bxf4 gxf4 26. Nf3 Qg4 27. Ne4
Nd7 28. Qb5 Qg6 29. dxc5 Nf6 30. Nxf6+ Qxf6 31. Qxb7 Qe7 32. b4 axb4 33. cxb4
Rb8 34. Qe4 Qe8 35. a3 Qa4 36. Nd4 Rd5 37. Nxe6 Re5 38. Qxf4 Rxe6 39. Qxc7 Rxe2
40. Qxb8+ Kh7 41. Rg1 Rxf2 42. Qg3 Qc2 43. h3 Rf6 44. Re1 Rg6 45. Qf3 Qa2 46.
Rf1 f5 47. Rd1 Qc2 48. Rd7+ Kh8 49. Rd6 Rxd6 50. cxd6 Qd2 51. Qg3 Kh7 52. Qe5
Qd3 53. Kh2 Qxa3 54. Qxf5+ Kg7 55. Qe5+ Kg6 56. d7 1-0

[Event "DEM U14 2012"]
[Site "Oberhof GER"]
[Date "2012.06.02"]
[Round "9"]
[White "Bilchinski, Anton"]
[Black "Sawlin, Leonid"]
[Result "1/2-1/2"]
[Termination "normal"]
[Board "3"]
[WhiteElo "1837"]
[BlackElo "1925"]
[PlyCount "41"]
[WhiteFideId "24615765"]
[BlackFideId "4689542"]
[EventCountry "GER"]
[EventRounds "9"]
[EventType "swiss"]
[EventDate "2012.05.26"]

1. d4 e6 2. c4 Nf6 3. Nc3 d5 4. Bg5 dxc4 5. e3 a6 6. Bxc4 Be7 7. Nf3 O-O 8. O-O
Nbd7 9. Rc1 b5 10. Bd3 Bb7 11. Qe2 c5 12. Rfd1 Qb6 13. Ne5 cxd4 14. Nxd7 Nxd7
15. Bxe7 Rfe8 16. Bb4 dxc3 17. Bxc3 Nf8 18. Bd4 Qd8 19. Qg4 e5 20. Bc5 Qf6 21.
Qf5 1/2-1/2

[Event "DEM U14 2012"]
[Site "Oberhof GER"]
[Date "2012.06.02"]
[Round "9"]
[White "Baskin, Robert"]
[Black "Peczely, Sebastian Zsombor"]
[Result "1-0"]
[Termination "normal"]
[Board "4"]
[WhiteElo "2068"]
[BlackElo "2053"]
[PlyCount "125"]
[WhiteFideId "24662402"]
[BlackFideId "750964"]
[EventCountry "GER"]
[EventRounds "9"]
[EventType "swiss"]
[EventDate "2012.05.26"]

1. e4 e5 2. Nf3 Nc6 3. Bb5 a6 4. Ba4 Nf6 5. d3 b5 6. Bb3 Be7 7. a4 b4 8. O-O
O-O 9. a5 Bb7 10. Nbd2 d5 11. exd5 Nxd5 12. Re1 Re8 13. Nxe5 Nd4 14. Ba4 c6 15.
Ndc4 Bc5 16. Bd2 Re6 17. c3 bxc3 18. bxc3 Nb5 19. Rc1 Ndxc3 20. Bxc3 Nxc3 21.
Rxc3 Bxf2+ 22. Kxf2 Qd4+ 23. Kg3 Qxc3 24. Qc1 Qd4 25. Qf4 Qxf4+ 26. Kxf4 Rae8
27. Rb1 R8e7 28. Rb6 g5+ 29. Kg3 c5 30. Bc6 Bxc6 31. Nxc6 Rd7 32. N6e5 Rde7 33.
Rxe6 Rxe6 34. Nd7 Rc6 35. Nb8 Re6 36. Kf3 f5 37. Nb6 Rd6 38. Ke2 Re6+ 39. Kd2
Re7 40. N8d7 f4 41. Nxc5 g4 42. Ne4 Kg7 43. Nc4 h5 44. Ke2 Kg6 45. Kf2 Re8 46.
Nc5 Ra8 47. d4 Rd8 48. Ne6 Rc8 49. Nxf4+ Kh6 50. Ne3 Rb8 51. Nc4 Rb4 52. Nd6
Rb2+ 53. Ke3 Ra2 54. Nb7 h4 55. d5 Ra3+ 56. Nd3 Rb3 57. Nbc5 Rb8 58. d6 Kg5 59.
Ne5 Kf5 60. Nc6 Re8+ 61. Kd4 h3 62. gxh3 gxh3 63. d7 1-0

[Event "DEM U14 2012"]
[Site "Oberhof GER"]
[Date "2012.06.02"]
[Round "9"]
[White "Kollars, Dmitrij"]
[Black "Grunau, Christoph"]
[Result "1/2-1/2"]
[Termination "normal"]
[Board "5"]
[WhiteElo "2005"]
[BlackElo "1927"]
[PlyCount "48"]
[WhiteFideId "12909572"]
[BlackFideId "12929760"]
[EventCountry "GER"]
[EventRounds "9"]
[EventType "swiss"]
[EventDate "2012.05.26"]

1. e4 c5 2. Nf3 d6 3. d4 cxd4 4. Nxd4 Nf6 5. Nc3 a6 6. Bc4 e6 7. Bb3 Nbd7 8.
O-O Nc5 9. Re1 Be7 10. f4 Qc7 11. Qf3 O-O 12. g4 b5 13. g5 Nfd7 14. a3 Nxb3 15.
Nxb3 Bb7 16. Qg3 Rfe8 17. Nd4 Bf8 18. f5 exf5 19. exf5 Rxe1+ 20. Qxe1 Ne5 21.
Qf2 Qc5 22. Be3 Re8 23. Qf4 Nf3+ 24. Kf2 Nxd4 1/2-1/2

[Event "DEM U14 2012"]
[Site "Oberhof GER"]
[Date "2012.06.02"]
[Round "9"]
[White "Richter, Leonard"]
[Black "Pfreundt, Jakob"]
[Result "1/2-1/2"]
[Termination "normal"]
[Board "6"]
[WhiteElo "1913"]
[BlackElo "1828"]
[PlyCount "41"]
[WhiteFideId "12900290"]
[BlackFideId "12918156"]
[EventCountry "GER"]
[EventRounds "9"]
[EventType "swiss"]
[EventDate "2012.05.26"]

1. e4 e5 2. Nf3 Nc6 3. d4 exd4 4. Nxd4 Qf6 5. Be3 Bc5 6. Nb5 Bxe3 7. fxe3 Qh4+
8. g3 Qxe4 9. Nxc7+ Kd8 10. Nxa8 Qxh1 11. Qg4 Qg1 12. Qf4 Nf6 13. Nd2 Re8 14.
Nc4 b5 15. Qc7+ Ke7 16. Qd6+ Kd8 17. Qc7+ Ke7 18. Qd6+ Kd8 19. O-O-O bxc4 20.
Qc7+ Ke7 21. Qd6+ 1/2-1/2

[Event "DEM U14 2012"]
[Site "Oberhof GER"]
[Date "2012.06.02"]
[Round "9"]
[White "Perske, Thore"]
[Black "Herzum, Peter"]
[Result "1-0"]
[Termination "normal"]
[Board "7"]
[WhiteElo "2073"]
[BlackElo "1783"]
[PlyCount "65"]
[WhiteFideId "12902195"]
[BlackFideId "12919217"]
[EventCountry "GER"]
[EventRounds "9"]
[EventType "swiss"]
[EventDate "2012.05.26"]

1. e4 c5 2. Nf3 d6 3. d4 cxd4 4. Nxd4 Nf6 5. Nc3 a6 6. Be3 e5 7. Nb3 Be6 8. f3
Nbd7 9. Qd2 Be7 10. O-O-O O-O 11. g4 b5 12. Rg1 b4 13. Nd5 Bxd5 14. exd5 Nb6
15. Na5 Nfxd5 16. Nc6 Qc7 17. Nxe7+ Qxe7 18. Bxb6 Nxb6 19. Qxd6 Qg5+ 20. Qd2
Qe7 21. Bd3 Rfd8 22. Qe3 Qc7 23. Rge1 Re8 24. Qe4 g6 25. h4 Qc5 26. h5 Qa5 27.
hxg6 hxg6 28. Kb1 Na4 29. Bc4 Kg7 30. Rd7 Rf8 31. g5 Nc3+ 32. bxc3 bxc3 33.
Qxe5+ 1-0

[Event "DEM U14 2012"]
[Site "Oberhof GER"]
[Date "2012.06.02"]
[Round "9"]
[White "Keller, Peter"]
[Black "Niegsch, Nicolas"]
[Result "1-0"]
[Termination "normal"]
[Board "8"]
[WhiteElo "1931"]
[BlackElo "1687"]
[PlyCount "71"]
[WhiteFideId "1272105"]
[BlackFideId "12932140"]
[EventCountry "GER"]
[EventRounds "9"]
[EventType "swiss"]
[EventDate "2012.05.26"]

1. e4 e5 2. Nf3 Nc6 3. Bc4 Nf6 4. d3 Be7 5. O-O O-O 6. Bb3 d6 7. c3 Kh8 8. Nbd2
Ne8 9. d4 exd4 10. Nxd4 Nxd4 11. cxd4 Bf6 12. Nc4 b5 13. Na5 c5 14. Bd5 Qxa5
15. Bxa8 Nc7 16. e5 dxe5 17. dxe5 Bxe5 18. Be4 Qb4 19. Qc2 f5 20. Bf3 Ne6 21.
Bd2 Qh4 22. g3 Qf6 23. Bc3 Bd4 24. Bd5 b4 25. Bxe6 bxc3 26. bxc3 Bxc3 27. Rac1
Bb2 28. Rb1 Bd4 29. Bxc8 Rxc8 30. Qb3 c4 31. Qb7 Rd8 32. Qc7 c3 33. Rb8 Bb6 34.
Rxd8+ Qxd8 35. Qxd8+ Bxd8 36. Re1 1-0

[Event "DEM U14 2012"]
[Site "Oberhof GER"]
[Date "2012.06.02"]
[Round "9"]
[White "Hirschmann, Jakob"]
[Black "Müller, Constantin"]
[Result "1-0"]
[Termination "normal"]
[Board "9"]
[WhiteElo "1876"]
[BlackElo "1921"]
[PlyCount "40"]
[WhiteFideId "24652067"]
[BlackFideId "24697630"]
[EventCountry "GER"]
[EventRounds "9"]
[EventType "swiss"]
[EventDate "2012.05.26"]

1. e4 e6 2. d3 d5 3. Nd2 Nf6 4. Ngf3 b6 5. e5 Nfd7 6. d4 c5 7. c3 Be7 8. Bd3
Ba6 9. Bxa6 Nxa6 10. O-O O-O 11. h3 Qc7 12. Nh2 f6 13. f4 fxe5 14. fxe5 cxd4
15. cxd4 Nb4 16. Qg4 Qc6 17. Ndf3 Nc2 18. Bh6 Rf7 19. Rac1 Raf8 20. Rf2 Kh8 1-0

[Event "DEM U14 2012"]
[Site "Oberhof GER"]
[Date "2012.06.02"]
[Round "9"]
[White "Riehle, Marco"]
[Black "Stein, Daniel"]
[Result "1/2-1/2"]
[Termination "normal"]
[Board "10"]
[WhiteElo "1835"]
[BlackElo "1645"]
[PlyCount "57"]
[WhiteFideId "12904392"]
[BlackFideId "12939307"]
[EventCountry "GER"]
[EventRounds "9"]
[EventType "swiss"]
[EventDate "2012.05.26"]

1. e4 c5 2. Nf3 e6 3. d4 cxd4 4. Nxd4 a6 5. c4 Nf6 6. Nc3 Qc7 7. a3 d6 8. Be3
Nbd7 9. Be2 Be7 10. O-O b6 11. f3 Bb7 12. Rc1 O-O 13. Qd2 Rac8 14. Rfd1 Qb8 15.
Kh1 Bd8 16. Qe1 Re8 17. Qg1 Bc7 18. b3 Qa8 19. Nc2 Kh8 20. Nb4 Nc5 21. Rb1 Rcd8
22. Nc2 d5 23. exd5 exd5 24. Bxc5 bxc5 25. Qxc5 Be5 26. Nd4 Qb8 27. Rb2 Nd7 28.
Qa5 Bc7 29. Qb4 1/2-1/2

[Event "DEM U14 2012"]
[Site "Oberhof GER"]
[Date "2012.06.02"]
[Round "9"]
[White "Mager, Denis"]
[Black "Böhning, Kilian"]
[Result "1-0"]
[Termination "normal"]
[Board "11"]
[WhiteElo "1944"]
[BlackElo "1754"]
[PlyCount "65"]
[WhiteFideId "24691127"]
[BlackFideId "1270499"]
[EventCountry "GER"]
[EventRounds "9"]
[EventType "swiss"]
[EventDate "2012.05.26"]

1. d4 f5 2. c4 Nf6 3. Nc3 g6 4. g3 Bg7 5. Bg2 O-O 6. Nf3 d6 7. O-O c6 8. Re1
Na6 9. a3 Nc7 10. Qc2 Qe8 11. e4 fxe4 12. Nxe4 Bf5 13. Nh4 Nxe4 14. Bxe4 Bxd4
15. Bxf5 gxf5 16. Nxf5 Rxf5 17. Qxf5 e5 18. Re4 Qe6 19. Qxe6+ Nxe6 20. Be3 Rf8
21. Bxd4 Nxd4 22. Kg2 c5 23. b4 Rc8 24. f4 cxb4 25. fxe5 dxe5 26. axb4 Rxc4 27.
Rxa7 Rxb4 28. Rxe5 Rb2+ 29. Kh3 Nf3 30. Re3 Ng1+ 31. Kg4 h5+ 32. Kxh5 Rxh2+ 33.
Kg6 1-0

[Event "DEM U14 2012"]
[Site "Oberhof GER"]
[Date "2012.06.02"]
[Round "9"]
[White "Geldner, Gerrit"]
[Black "Janke, Hendrik"]
[Result "0-1"]
[Termination "normal"]
[Board "12"]
[WhiteElo "1708"]
[BlackElo "1753"]
[PlyCount "102"]
[WhiteFideId "24678929"]
[BlackFideId "12921831"]
[EventCountry "GER"]
[EventRounds "9"]
[EventType "swiss"]
[EventDate "2012.05.26"]

1. c4 c5 2. Nc3 Nc6 3. g3 g6 4. Bg2 Bg7 5. Nf3 d6 6. O-O e5 7. d3 Nge7 8. Bg5
h6 9. Bd2 O-O 10. Qc1 Kh7 11. e4 Rb8 12. a3 a6 13. Nd5 b5 14. b3 f5 15. Rb1
fxe4 16. dxe4 Bg4 17. Qc3 Bxf3 18. Bxf3 Nd4 19. Bd1 Nxd5 20. cxd5 Qd7 21. Kg2
Rf7 22. Be3 Qc7 23. Qd3 h5 24. Rc1 Rc8 25. Be2 Qa5 26. b4 Qb6 27. Rc3 c4 28.
Qd2 Qd8 29. Qb2 a5 30. Bd1 Ra8 31. f3 axb4 32. Qxb4 Qa5 33. Qxa5 Rxa5 34. Rf2
Rfa7 35. a4 bxa4 36. Rxc4 a3 37. Ra2 Bh6 38. Bxd4 exd4 39. Rxd4 Rb7 40. Ra4
Rb2+ 41. Rxb2 axb2 42. Rb4 Ra2 43. Kh3 Be3 44. Bc2 Ra3 45. Rxb2 Bd4 46. Rb3 Ra2
47. Bd3 Bg1 48. Kh4 Kh6 49. g4 g5+ 50. Kh3 Rxh2+ 51. Kg3 h4# 0-1

[Event "DEM U14 2012"]
[Site "Oberhof GER"]
[Date "2012.06.02"]
[Round "9"]
[White "Schmidt, Tobias"]
[Black "Tesch, Davy"]
[Result "1/2-1/2"]
[Termination "normal"]
[Board "13"]
[WhiteElo "1735"]
[BlackElo "1692"]
[PlyCount "90"]
[WhiteFideId "1271683"]
[BlackFideId "24679917"]
[EventCountry "GER"]
[EventRounds "9"]
[EventType "swiss"]
[EventDate "2012.05.26"]

1. e4 d5 2. exd5 Qxd5 3. Nc3 Qa5 4. d4 Nf6 5. Bc4 Bf5 6. Bd2 c6 7. Qe2 e6 8. d5
cxd5 9. Nxd5 Qd8 10. Nxf6+ gxf6 11. O-O-O Qc7 12. Bc3 Be7 13. Bb5+ Nc6 14. Nf3
a6 15. Bd3 Bg6 16. Bxg6 hxg6 17. g3 Nb4 18. Bxb4 Bxb4 19. Rd3 Ke7 20. Rhd1 Rad8
21. h4 Rxd3 22. Qxd3 Rd8 23. Qxd8+ Qxd8 24. Rxd8 Kxd8 25. Kd1 Ke7 26. Ke2 f5
27. Ne5 Bd6 28. Nd3 e5 29. Nc1 Kf6 30. Nb3 b6 31. Nd2 g5 32. Nc4 Bc7 33. hxg5+
Kxg5 34. a4 f4 35. gxf4+ Kxf4 36. Nd2 e4 37. Nc4 f5 38. c3 Kg5 39. b4 Kf6 40.
Ke3 Ke6 41. Nd2 Be5 42. Nb1 Kd5 43. Kd2 Bf6 44. Na3 f4 45. Kc2 Bg7 1/2-1/2

[Event "DEM U14 2012"]
[Site "Oberhof GER"]
[Date "2012.06.02"]
[Round "9"]
[White "Bardosch, Karl"]
[Black "Flüchter, Gregor"]
[Result "0-1"]
[Termination "normal"]
[Board "14"]
[WhiteElo "1656"]
[BlackElo "1961"]
[PlyCount "62"]
[WhiteFideId "24696480"]
[BlackFideId "12903396"]
[EventCountry "GER"]
[EventRounds "9"]
[EventType "swiss"]
[EventDate "2012.05.26"]

1. e4 c5 2. Nf3 d6 3. d4 cxd4 4. Nxd4 Nf6 5. Nc3 a6 6. Be3 e5 7. Nb3 Be6 8. f3
Be7 9. Qd2 O-O 10. O-O-O Nbd7 11. h4 b5 12. g4 Nb6 13. Qh2 b4 14. Ne2 a5 15.
Kb1 a4 16. Na1 Nc4 17. Bg5 Qa5 18. Ng3 b3 19. Bxc4 Bxc4 20. a3 bxc2+ 21. Qxc2
Rfc8 22. Qd2 Qc5 23. Bxf6 Bxf6 24. Qxd6 Qf2 25. Nh5 Qxf3 26. Nxf6+ gxf6 27. g5
Qxe4+ 28. Nc2 Bb3 29. Ka1 Bxc2 30. Rde1 Qd4 31. Qxf6 Rc3 0-1

[Event "DEM U14 2012"]
[Site "Oberhof GER"]
[Date "2012.06.02"]
[Round "9"]
[White "Berkov, Mikhail"]
[Black "Müller, Max"]
[Result "1-0"]
[Termination "normal"]
[Board "15"]
[WhiteElo "1815"]
[BlackElo "1648"]
[PlyCount "89"]
[WhiteFideId "24678783"]
[BlackFideId "12900486"]
[EventCountry "GER"]
[EventRounds "9"]
[EventType "swiss"]
[EventDate "2012.05.26"]

1. e4 c5 2. c3 e6 3. d4 d5 4. exd5 exd5 5. Nf3 Nc6 6. Be2 Nf6 7. O-O Be7 8.
dxc5 Bxc5 9. b4 Bd6 10. a4 O-O 11. Na3 Bg4 12. Nb5 Be7 13. Be3 Rc8 14. a5 a6
15. Bb6 Qd7 16. Nbd4 Nxd4 17. Qxd4 Bd6 18. h3 Rfe8 19. hxg4 Rxe2 20. Qd3 Re4
21. g5 Nh5 22. Be3 Rg4 23. Rfd1 Rxg2+ 24. Kxg2 Qg4+ 25. Kf1 Qxf3 26. Ke1 Re8
27. Qe2 Qh3 28. Kd2 Nf4 29. Qf1 Qf3 30. Kc2 Qe4+ 31. Kb3 Be5 32. Bxf4 Qxf4 33.
Rxd5 Rc8 34. Qd3 g6 35. Rd8+ Rxd8 36. Qxd8+ Kg7 37. Re1 Qf5 38. Qd5 f6 39.
Qxb7+ Kg8 40. Rd1 Qe6+ 41. Qd5 Kf7 42. Qxe6+ Kxe6 43. gxf6 Bxf6 44. b5 Bh4 45.
Rd2 1-0

[Event "DEM U14w 2012"]
[Site "Oberhof GER"]
[Date "2012.05.27"]
[Round "1"]
[White "Bluhm, Sonja Maria"]
[Black "Rosmait, Emily"]
[Result "1-0"]
[Termination "normal"]
[Board "1"]
[WhiteElo "1973"]
[BlackElo "1628"]
[PlyCount "143"]
[WhiteFideId "24654027"]
[BlackFideId "12937754"]
[EventCountry "GER"]
[EventRounds "9"]
[EventType "swiss"]
[EventDate "2012.05.26"]

1. e4 e5 2. Nf3 Nc6 3. Bb5 Nf6 4. d3 d6 5. O-O h6 6. Re1 Be7 7. Nbd2 O-O 8. Nf1
Bg4 9. c3 a6 10. Bxc6 bxc6 11. h3 Be6 12. Ng3 Rb8 13. Qe2 Rb6 14. d4 exd4 15.
Nxd4 Bd7 16. Be3 c5 17. Ndf5 Bb5 18. Qf3 Kh7 19. Rad1 Bc6 20. Bc1 Rg8 21. Qe3
Bf8 22. a3 a5 23. e5 Nd5 24. Qd3 g6 25. c4 Ne7 26. Ne3 Ba4 27. Rd2 Nc6 28. exd6
cxd6 29. Ne4 Ne5 30. Qe2 Qh4 31. Nd5 Rb3 32. Ndf6+ Kg7 33. Nxg8 Kxg8 34. f3 Bd7
35. Qf2 Qd8 36. Red1 Nxc4 37. Rd3 Rb6 38. Qc2 Ne5 39. Rd5 Be7 40. Bxh6 Kh7 41.
Bf4 Nc6 42. Bxd6 Nd4 43. Bxe7 Qxe7 44. Qxc5 Ne2+ 45. Kh2 Qxc5 46. Rxc5 Bf5 47.
Rd2 Nf4 48. Rxa5 Rc6 49. Ra7 Kg7 50. Ng5 Rf6 51. b4 Ne6 52. Nxe6+ Bxe6 53. b5
Bc4 54. a4 Rb6 55. Rc2 Bb3 56. Rc6 Rb8 57. b6 Ba2 58. a5 Bb3 59. a6 Be6 60. b7
Bd7 61. Ra8 Rxb7 62. axb7 Bxc6 63. b8=Q Bxa8 64. Qxa8 Kf6 65. Kg3 Kg7 66. Kf4
Kf6 67. Qc6+ Ke7 68. Ke5 Kf8 69. Kf6 Kg8 70. Qe8+ Kh7 71. Qxf7+ Kh6 72. Qxg6#
1-0

[Event "DEM U14w 2012"]
[Site "Oberhof GER"]
[Date "2012.05.27"]
[Round "1"]
[White "Sherif, Amina"]
[Black "Heinemann, Josefine"]
[Result "0-1"]
[Termination "normal"]
[Board "2"]
[WhiteElo "1574"]
[BlackElo "1853"]
[PlyCount "78"]
[WhiteFideId "12911690"]
[BlackFideId "12900460"]
[EventCountry "GER"]
[EventRounds "9"]
[EventType "swiss"]
[EventDate "2012.05.26"]

1. e4 c5 2. Nc3 Nc6 3. f4 g6 4. Nf3 Bg7 5. Bb5 Nd4 6. O-O Nxb5 7. Nxb5 d5 8.
exd5 a6 9. Nc3 Nf6 10. d3 Nxd5 11. Ne4 b6 12. a3 O-O 13. Qe1 Bb7 14. Qg3 Rc8
15. f5 c4 16. fxg6 fxg6 17. Qh3 Rf5 18. Neg5 Nf6 19. Ne6 Qd5 20. Nxg7 Kxg7 21.
Qh6+ Kg8 22. Qe3 cxd3 23. cxd3 Rc2 24. Qxe7 Rxg2+ 25. Kxg2 Rxf3 26. Kg1 Re3 27.
Qxb7 Qxb7 28. Bxe3 Ng4 29. Rae1 Ne5 30. Re2 Nf3+ 31. Kf2 Nxh2 32. Rg1 Qf7+ 33.
Ke1 Nf3+ 34. Kd1 Nxg1 35. Bxg1 Qf1+ 36. Re1 Qxd3+ 37. Kc1 Qg3 38. Rd1 Qc7+ 39.
Kb1 h5 0-1

[Event "DEM U14w 2012"]
[Site "Oberhof GER"]
[Date "2012.05.27"]
[Round "1"]
[White "Schwarz, Larissa"]
[Black "Lemke, Berfîn"]
[Result "1-0"]
[Termination "normal"]
[Board "3"]
[WhiteElo "1875"]
[BlackElo "1530"]
[PlyCount "43"]
[WhiteFideId "24699004"]
[BlackFideId "1270578"]
[EventCountry "GER"]
[EventRounds "9"]
[EventType "swiss"]
[EventDate "2012.05.26"]

1. e4 c5 2. Nf3 d6 3. d4 cxd4 4. Nxd4 Nf6 5. Nc3 a6 6. Be2 e5 7. Nb3 b5 8. Be3
Nbd7 9. f3 Bb7 10. a3 Nb6 11. Na5 Rb8 12. Nxb7 Rxb7 13. a4 Nxa4 14. Nxa4 bxa4
15. Rxa4 Rxb2 16. Bxa6 Qc7 17. c4 Rb8 18. Bb5+ Nd7 19. O-O Be7 20. Qd5 O-O 21.
Ra7 Rxb5 22. Qxb5 1-0

[Event "DEM U14w 2012"]
[Site "Oberhof GER"]
[Date "2012.05.27"]
[Round "1"]
[White "Petermann, Tessa"]
[Black "Zahn, Alina"]
[Result "0-1"]
[Termination "normal"]
[Board "4"]
[WhiteElo "1428"]
[BlackElo "1773"]
[PlyCount "68"]
[WhiteFideId "12929492"]
[BlackFideId "24696730"]
[EventCountry "GER"]
[EventRounds "9"]
[EventType "swiss"]
[EventDate "2012.05.26"]

1. e4 e5 2. Nf3 Nc6 3. Bc4 Bc5 4. c3 Nf6 5. d4 exd4 6. cxd4 Bb4+ 7. Bd2 Bxd2+
8. Nbxd2 d5 9. exd5 Nxd5 10. Qb3 Nce7 11. O-O O-O 12. Rfe1 c6 13. Ne5 a5 14. a4
Qb6 15. Qxb6 Nxb6 16. Bb3 Ned5 17. Ne4 Nb4 18. Nxf7 Rxf7 19. Nd6 N6d5 20. Nxf7
Kxf7 21. Re3 Be6 22. Rf3+ Nf6 23. Bxe6+ Kxe6 24. Re1+ Kf7 25. Re2 Rd8 26. Rfe3
Rxd4 27. Re7+ Kf8 28. h3 Rd7 29. Rxd7 Nxd7 30. Rd2 Ke7 31. Re2+ Kf7 32. Rd2 Nd5
33. Rd3 Nc5 34. Rd2 Nxa4 0-1